| 000 | 02102nam a2200481Ii 4500 | ||
|---|---|---|---|
| 001 | DIGCSIC0381 | ||
| 003 | NyNyDIG | ||
| 007 | cr ||||||||||| | ||
| 008 | 210726s2017 sp ob 001 0 spa d | ||
| 006 | m o d | ||
| 035 | _a(OCoLC)1282640434 | ||
| 040 |
_aDGITA _beng _erda _epn _cDGITA |
||
| 020 |
_a9788400102302 _qeBook |
||
| 020 | _z9788400102296 | ||
| 024 | 7 |
_a059-17-117-5 _qe-NIPO _2nipo |
|
| 024 | 7 |
_z059-17-116-X _2nipo |
|
| 041 | 1 |
_aspa _hara |
|
| 050 | 1 | 4 | _aKBP955.4 ebook |
| 100 | 1 |
_aHernández López, Adday, _eauthor. |
|
| 245 | 1 | 3 |
_aEl Kitāb al-ribā de 'Abd al-Malik b. Ḥabīb (m. 238-852) : _bla doctrina legal temprana sobre la usura / _cestudio y traducción por Adday Hernández López. |
| 264 | 1 |
_aMadrid : _bConsejo Superior de Investigaciones Científicas, _c2017. |
|
| 300 | _a1 online resource. | ||
| 336 |
_atext _btxt _2rdacontent |
||
| 337 |
_acomputer _bc _2rdamedia |
||
| 338 |
_aonline resource _bcr _2rdacarrier |
||
| 347 |
_atext file _2rdaft |
||
| 347 | _bPDF | ||
| 490 | 1 |
_aColección Estudios árabes e islámicos. Serie Fuentes árabico-hispanas ; _v37 |
|
| 504 | _aIncludes bibliographical references and indexes. | ||
| 588 | 0 | _aOnline resource; title from PDF title page (Digitalia, viewed July 26, 2021) | |
| 650 | 0 | _aInterest (Islamic law). | |
| 650 | 0 |
_aUsury _xReligious aspects _xIslam. |
|
| 600 | 1 | 0 |
_aIbn Ḥabīb, ʻAbd al-Malik, _d790 or 791-852 or 853. _tRibā. |
| 655 | 0 | _aElectronic books. | |
| 700 | 1 | 2 |
_iContainer of (expression): _aIbn Ḥabīb, ʻAbd al-Malik, _d790 or 791-852 or 853. _tRibā. _lSpanish _s(Hernández López) |
| 791 | 2 |
_aDigitalia (Firm), _edistributor. |
|
| 793 | 0 |
_gDigitalia eBook Collection: _aEditorial CSIC |
|
| 776 | 0 | 8 |
_iPrint version: _aHernández López, Adday. _tKitāb al-ribā de 'Abd al-Malik b. Ḥabīb (m. 238-852). _dMadrid : Consejo Superior de Investigaciones Científicas, 2017 _z9788400102296 |
| 830 | 0 |
_aFuentes arábico-hispanas ; _v37. |
|
| 856 | 4 | 0 |
_3Digitalia Hispánica _uhttps://www.digitaliapublishing.com/a/49529/ |
| 910 | _aPremium collection: 2021 | ||
| 942 | _cRAA | ||
| 999 |
_c251473 _d251473 |
||